Statistiques concernant Pays les plus proches d'Antigua-et-Barbuda

Cliquez ici pour prendre le quiz!

Statistiques générales

  • Ce quiz a été pris 69 fois
  • Le résultat moyen est 15 sur 20

Statistiques - réponses

kmpays% Correct
1317Cuba
97%
154Dominique
92%
944Haïti
92%
688République
Dominicaine
92%
1414Jamaïque
88%
333Sainte-Lucie
88%
409Saint-Vincent-
et-les-Grenadines
88%
696Venezuela
84%
467Barbade
83%
1134Colombie
83%
68Saint-Christophe-
et-Niévès
83%
500Grenade
81%
1338Suriname
81%
1318Brésil
80%
966Guyana
80%
1230Bahamas
75%
642Trinité-et-Tobago
75%
923Curaçao
22%
998Aruba
16%
126Sint Maarten
2%

Distribution des résultats

Percentile par nombre de réponses

% des personnes avec chaque résultat

Votre développement - résultats

Vous n’avez pas pris ce quiz